<?xml version="1.0" encoding="UTF-8"?><?xml-stylesheet type="text/xsl" href="static/style.xsl"?><OAI-PMH xmlns="http://www.openarchives.org/OAI/2.0/" xmlns:xsi="http://www.w3.org/2001/XMLSchema-instance" xsi:schemaLocation="http://www.openarchives.org/OAI/2.0/ http://www.openarchives.org/OAI/2.0/OAI-PMH.xsd"><responseDate>2026-06-29T01:20:35Z</responseDate><request verb="GetRecord" identifier="oai:docta.ucm.es:20.500.14352/131163" metadataPrefix="marc">https://docta.ucm.es/rest/oai/request</request><GetRecord><record><header><identifier>oai:docta.ucm.es:20.500.14352/131163</identifier><datestamp>2026-01-29T00:47:48Z</datestamp><setSpec>com_20.500.14352_14</setSpec><setSpec>col_20.500.14352_15</setSpec></header><metadata><record xmlns="http://www.loc.gov/MARC21/slim" xmlns:dcterms="http://purl.org/dc/terms/" xmlns:xsi="http://www.w3.org/2001/XMLSchema-instance" xmlns:doc="http://www.lyncode.com/xoai" xsi:schemaLocation="http://www.loc.gov/MARC21/slim http://www.loc.gov/standards/marcxml/schema/MARC21slim.xsd">
   <leader>00925njm 22002777a 4500</leader>
   <datafield ind2=" " ind1=" " tag="042">
      <subfield code="a">dc</subfield>
   </datafield>
   <datafield ind2=" " ind1=" " tag="720">
      <subfield code="a">Francisco Javier Rivas Flores</subfield>
      <subfield code="e">author</subfield>
   </datafield>
   <datafield ind2=" " ind1=" " tag="720">
      <subfield code="a">Alonso Fernández, Marcos</subfield>
      <subfield code="e">author</subfield>
   </datafield>
   <datafield ind2=" " ind1=" " tag="720">
      <subfield code="a">Ester Busquets Alibés</subfield>
      <subfield code="e">author</subfield>
   </datafield>
   <datafield ind2=" " ind1=" " tag="720">
      <subfield code="a">Domingo Moratalla, Tomás</subfield>
      <subfield code="e">author</subfield>
   </datafield>
   <datafield ind2=" " ind1=" " tag="720">
      <subfield code="a">Francisco Javier Júdez Gutiérrez</subfield>
      <subfield code="e">author</subfield>
   </datafield>
   <datafield ind2=" " ind1=" " tag="720">
      <subfield code="a">Triviño Caballero, Rosana</subfield>
      <subfield code="e">author</subfield>
   </datafield>
   <datafield ind2=" " ind1=" " tag="720">
      <subfield code="a">Feito Grande, Lydia</subfield>
      <subfield code="e">author</subfield>
   </datafield>
   <datafield ind2=" " ind1=" " tag="260">
      <subfield code="c">2024-10-17</subfield>
   </datafield>
   <datafield ind2=" " ind1=" " tag="520">
      <subfield code="a">Bioethics emerged as a discipline in the 70s of the last century. One of its main objectives has been to analyze clinical cases that pose moral problems. This analysis is generally carried out by a multidisciplinary group, the Health Care Ethics Committee, which is comprised of ethical experts or healthcare providers assisted by a facilitator, depending on the context. Different methodologies are used in these situations. The deliberative method, in its various configurations, is the most widely used in many Committees. Identify whether the deliberative method is included in regulated undergraduate and postgraduate teaching; analyze whether a single model can be identified or whether there is heterogeneity in the proposals. A bibliographic review was carried out, following the scoping review method. With respect to the first objective, there is no evidence on the teaching and use of the deliberative method in the Faculties and Schools of Medicine and Nursing, the emphasis is placed on training oriented to the resolution of clinical cases and a certain deliberative proposal is developed from them, more pragmatic than ethical-philosophical. In relation to the second objective, differences are observed between the two most prevalent schools (D. Gracia and B. Molewijk), with the model proposed by Gracia being used more in the Spanish-speaking world, and Molewijk's model in the English-speaking world. It can be seen that D. Gracia's proposal is more philosophical and Molewijk's more pragmatic. Finally, it is considered pertinent to further disseminate the deliberative method and its advantages, as well as its potential for bioethics education.</subfield>
   </datafield>
   <datafield ind1="8" ind2=" " tag="024">
      <subfield code="a">Rivas Flores, F.J., Alonso Fernández, M., Busquets Alibés, E. et al. Deliberation in bioethics education: a literature scoping review. International Journal of Ethics Education 10, 177–204 (2025). https://doi.org/10.1007/s40889-024-00198-w</subfield>
   </datafield>
   <datafield ind1="8" ind2=" " tag="024">
      <subfield code="a">10.1007/s40889-024-00198-w</subfield>
   </datafield>
   <datafield ind1="8" ind2=" " tag="024">
      <subfield code="a">https://hdl.handle.net/20.500.14352/131163</subfield>
   </datafield>
   <datafield ind1="8" ind2=" " tag="024">
      <subfield code="a">https://doi.org/10.1007/s40889-024-00198-w</subfield>
   </datafield>
   <datafield ind1="8" ind2=" " tag="024">
      <subfield code="a">https://link.springer.com/article/10.1007/s40889-024-00198-w</subfield>
   </datafield>
   <datafield ind2="0" ind1="0" tag="245">
      <subfield code="a">Deliberation in bioethics education: a literature scoping review</subfield>
   </datafield>
</record></metadata></record></GetRecord></OAI-PMH>